00418pab a2200133 454500008004000000100002200040245010300062260000900165300001500174362000800189650002600197650001800223773004300241180718b2014 xxu||||| |||| 00| 0 eng d aMehrotra, Santosh aQuantity and quality: Policies to meet the twin challenges of employability in Indian labor market c2014 ap.367-377. aJan aLabour market - India aLabour market aIndian Journal of Industrial Relations